Geosyntetická rohož na tesnenie Poradňa pre projektantov

Bibliographic Details
Main Author: (r) (Author)
Format: Article
Language:Slovak
PhysicalDescription:Obr. 2
Subjects:

MARC

LEADER 00000nab a2200000 a 4500
001 vtls000617424
003 SK-MaSNL
005 20260302184749.0
008 160401c1997 xo 0 slo
015 |a SNBRB19rr/mm-uuuuu 
035 |a CL0617563 
040 |a SNKBUCL  |b slo  |c SNKBUCL  |e AACR2 
041 0 |a slo 
044 |a xo  |c SK 
080 |a 691:699.844  |2 1981 
100 1 |a (r)  |4 aut  |9 636179 
245 1 0 |a Geosyntetická rohož na tesnenie  |b Poradňa pre projektantov  |c (r) 
300 |b Obr. 2 
650 0 7 |a materiály izolačné  |2 snkbucl  |9 895059 
650 0 7 |a Tatrabent (materiál izolačný)  |2 snkbucl  |9 900391 
655 7 |a články z novín a časopisov  |2 snkbucl  |9 267496 
773 0 |t Staviteľstvo  |g Roč. 2, č. 1 (1997), s. 23 
850 |a Slovenská národná knižnica v Martine  |a MTA001 
852 |a SNK  |b KIS3GCP 
958 |a RK 
958 |a RBX 
999 |c 1426804  |d 1428734